|
|
|
|
| LEADER |
00000nkm a2200000 a 4500 |
| 001 |
vtls011896572 |
| 003 |
SK-MaSNL |
| 005 |
20260512123109.0 |
| 007 |
kp bo |
| 008 |
230706q1925 xo g kuslo |
| 015 |
|
|
|a SNBG1925
|
| 035 |
|
|
|a urn:nbn:sk:snk-km00eeyz
|
| 035 |
|
|
|a urn:nbn:sk:snk-km43e14
|
| 035 |
|
|
|a FB6FC718-D345-40E1-9C5F-B3E66F302D0E
|
| 040 |
|
|
|a SNK
|b slo
|c SNK
|e AACR2
|
| 041 |
0 |
|
|a slo
|
| 043 |
|
|
|a e-xo---
|
| 044 |
|
|
|a xo
|c SK
|
| 072 |
|
7 |
|a 913
|x Regionálna geografia
|2 konspekt
|
| 080 |
|
|
|a 913(437.6)
|2 2011
|
| 080 |
|
|
|a 725.511
|2 2011
|
| 080 |
|
|
|a (084.121)
|2 2011
|
| 080 |
|
|
|a 347.99
|2 2011
|
| 080 |
|
|
|a 343.81
|2 2011
|
| 080 |
|
|
|a 726:27-523.42
|2 2011
|
| 080 |
|
|
|a 664.71
|2 2011
|
| 080 |
|
|
|a 728.81
|2 2011
|
| 080 |
|
|
|a 556.53
|2 2011
|
| 080 |
|
|
|a 911.2(23.0)
|2 2011
|
| 080 |
|
|
|a 355.711
|2 2011
|
| 080 |
|
|
|a (282.243)
|2 2011
|
| 100 |
1 |
|
|a Rašofsky, Vojtech,
|d 19./20. stor.
|4 pht
|9 163128
|
| 245 |
1 |
0 |
|a Nitra
|h grafika
|b Celkovy pohled
|c foto - Rašofsky
|
| 260 |
|
|
|a [Nitra?]
|b Foto - Rašofsky
|c [1925?]
|
| 300 |
|
|
|a 1 pohľadnica
|b čiernobiela
|c 9 x 14 cm
|
| 500 |
|
|
|a Názvové údaje prevzaté z obrazovej časti pohľadnice
|
| 500 |
|
|
|a Číslo záberu č. 3
|
| 520 |
8 |
|
|a Zobrazenie: Pohľad z výšky, z vrchu Kalvária na mesto. V popredí pod kopcom vidno nemocnicu. Za ňou aj pred ňou za susednou budovou sú husté listnaté stromy. Vľavo v pozadí vidno vysoké budovy súdu a väznice. Pred nimi vidno budovu kasární (dnešná Mestská tržnica). Pred nimi vpravo cez ulicu vidno mestské mlyny. Poza mlyny tečie rieka Nitra. Vpravo v pozadí za súdom vidno na kopci dve veže Piaristického kostola sv. Ladislava aj s klášotorom. Vpravo od neho, viac v pozadí je Kostol Navštívenia Panny Márie. Vpravo v pozadí za mestom je na kopci Nitriansky hrad s Bazilikou sv. Emeráma uprostred a horizont uzatvára pohorie Tribeč
|
| 610 |
2 |
7 |
|a Fakultná nemocnica (Nitra, Slovensko)
|2 SNKKA
|9 36811
|
| 610 |
1 |
7 |
|a Slovensko.
|b Krajský súd v Nitre
|2 SNKKA
|9 169227
|
| 610 |
2 |
7 |
|a Mestské kasárne (Nitra, Slovensko)
|2 SNKKA
|9 190087
|
| 610 |
2 |
7 |
|a Kostol Navštívenia Panny Márie (Nitra, Slovensko)
|2 SNKKA
|9 156884
|
| 610 |
2 |
7 |
|a Piaristický kostol sv. Ladislava (Nitra, Slovensko)
|2 SNKKA
|9 32678
|
| 610 |
2 |
7 |
|a Nitriansky hrad
|2 SNKKA
|9 165089
|
| 610 |
2 |
7 |
|a Bazilika sv. Emeráma (Nitra, Slovensko)
|2 SNKKA
|9 153204
|
| 650 |
0 |
7 |
|a nemocnice
|2 SNKPH
|9 3008
|
| 650 |
0 |
7 |
|a súdy
|2 SNKPH
|9 4646
|
| 650 |
0 |
7 |
|a väznice
|2 SNKPH
|9 2643
|
| 650 |
0 |
7 |
|a kostoly
|2 SNKPH
|9 3023
|
| 650 |
0 |
7 |
|a baziliky
|2 SNKPH
|9 54566
|
| 650 |
0 |
7 |
|a mlyny
|2 SNKPH
|9 29840
|
| 650 |
0 |
7 |
|a hrady
|2 SNKPH
|9 3039
|
| 650 |
0 |
7 |
|a rieky
|2 SNKPH
|9 29644
|
| 650 |
0 |
7 |
|a pohoria
|2 SNKPH
|9 44054
|
| 650 |
0 |
7 |
|a kasárne
|2 SNKPH
|9 29949
|
| 651 |
|
7 |
|a Nitra (Slovensko)
|2 SNKPHgeo
|9 15714
|
| 651 |
|
7 |
|a Tribeč (Slovensko : pohorie)
|2 SNKPHgeo
|9 164699
|
| 651 |
|
7 |
|a Nitra (Slovensko : rieka)
|2 SNKPHgeo
|9 56326
|
| 655 |
|
7 |
|a miestne pohľadnice
|2 SNKPH
|9 70510
|
| 852 |
|
|
|a Slovenská národná knižnica
|
| 958 |
|
|
|a GBN
|
| 958 |
|
|
|a GC
|
| 958 |
|
|
|a OND
|
| 999 |
|
|
|c 691116
|d 693046
|
| 952 |
|
|
|a SNK
|b SNK
|y PREZ
|7 0
|p 17A1244308
|o snkSP 43758
|z Pohľadnica prešla poštou.
|0 0
|1 0
|4 0
|d 2019-10-28
|f 1
|l 0
|r 2026-02-23 20:26:57
|w 2026-02-23
|